[Event "21st European Teams"]
[Site "Hersonissos GRE"]
[Date "2017.11.04"]
[Round "7.9"]
[Board "4"]
[White "Ibarra Jerez, Jose Carlos"]
[Black "McShane, Luke J"]
[Result "1-0"]
[WhiteTitle "GM"]
[BlackTitle "GM"]
[WhiteElo "2561"]
[BlackElo "2647"]
[WhiteTeam "Spain"]
[BlackTeam "England"]
[WhiteFideId "2226332"]
[BlackFideId "404853"]
[EventDate "2017.10.28"]

1. Nf3 Nf6 2. g3 g6 3. b3 Bg7 4. Bb2 O-O 5. Bg2 c6 6. O-O Qa5 7. Re1 Qh5 8. e4
d6 9. d4 Bg4 10. Nbd2 Bh6 11. Nc4 Nbd7 12. Ne3 Bh3 13. Nd2 Qxd1 14. Raxd1 Bxg2
15. Kxg2 Rfe8 16. a4 Rad8 17. f3 Bf8 18. d5 Bg7 19. Ndc4 Rc8 20. Re2 Nh5 21.
Bxg7 Kxg7 22. f4 Nc5 23. Kf3 Nf6 24. Nd2 Nfd7 25. Ndc4 Nf6 26. Nd2 h5 27. a5
Rcd8 28. Ra1 e5 29. dxe6 Rxe6 30. Nd1 d5 31. e5 Nfd7 32. Nf2 Rde8 33. b4 Na6 34.
Rb1 f6 35. exf6+ Kxf6 36. Rxe6+ Rxe6 37. Nd3 Nc7 38. c4 Ke7 39. Nc5 Nxc5 40.
bxc5 dxc4 41. Nxc4 Nb5 42. Ne5 Ke8 43. Rd1 Nc7 44. Ke4 Nd5 45. Kd4 Nc7 46. Rd3
a6 47. h3 Rf6 48. h4 Kd8 49. Ke4+ Nd5 50. Rb3 Kc8 51. Rd3 Kc7 52. Rf3 Ne7 53. g4
hxg4 54. Rg3 Kd8 55. Rxg4 Ke8 56. Rg3 Kd8 57. Rg5 Ke8 58. h5 gxh5 59. Rxh5 Rf8
60. Rh6 Nd5 61. Re6+ Kd8 62. f5 Nc3+ 63. Kf4 Na4 64. Nd3 Kd7 65. Ke5 Rh8 66.
Rd6+ Ke8 67. Kf6 Rh1 68. Kg7 Rf1 69. Re6+ Kd7 70. Re4 Nc3 71. Rf4 Rg1+ 72. Kf7
Nd5 73. Rf3 Ra1 74. Nf4 Rxa5 75. Nxd5 cxd5 76. f6 Ra1 77. Kf8 Rg1 78. f7 Rg2 79.
Rf6 d4 80. Rd6+ Kc7 81. Ke7 Re2+ 82. Re6 Rf2 83. f8=Q Rxf8 84. Kxf8 a5 85. Ke7
a4 86. Rd6 a3 87. Rxd4 Kc6 88. Rc4 a2 89. Rc1 a1=Q 90. Rxa1 Kxc5 91. Rc1+ Kd5
92. Rb1 Kc6 93. Ke6 b5 94. Rc1+ 1-0

[Event "21st European Teams"]
[Site "Hersonissos GRE"]
[Date "2017.11.04"]
[Round "7.10"]
[Board "1"]
[White "Papaioannou, Ioannis"]
[Black "Nyback, Tomi"]
[Result "1/2-1/2"]
[WhiteTitle "GM"]
[BlackTitle "GM"]
[WhiteElo "2652"]
[BlackElo "2572"]
[WhiteTeam "Greece 1"]
[BlackTeam "Finland"]
[WhiteFideId "4201345"]
[BlackFideId "503142"]
[EventDate "2017.10.28"]

1. d4 Nf6 2. Nf3 g6 3. Bg5 Bg7 4. Nbd2 O-O 5. e3 d6 6. Bd3 Nbd7 7. c3 e5 8. O-O
h6 9. Bh4 Qe8 10. e4 Nh5 11. Re1 Nb6 12. Nc4 Nf4 13. Bf1 Nxc4 14. Bxc4 Bg4 15.
h3 Bh5 16. Bg3 Ne6 17. dxe5 dxe5 18. Be2 Nf4 19. Bxf4 exf4 20. Nd2 Bxe2 21. Qxe2
Rd8 22. Nf3 Qc6 23. Rad1 Rfe8 24. e5 Rxd1 25. Qxd1 g5 26. Qb3 Qb6 27. Qa4 Rd8
28. Qc4 Re8 29. b3 Bf8 30. b4 c5 31. b5 a6 32. a4 Qe6 33. Qd3 axb5 34. Qxb5 Ra8
35. Qxb7 Rxa4 36. Rd1 Qa6 37. Qb1 Qe2 38. Re1 Qa2 39. Qd1 Ra6 40. Nh2 Qe6 41.
Qd8 Kg7 42. Nf3 Be7 43. Qd3 Qg6 44. Qd7 Qe6 45. Qd3 Qg6 46. Qd7 1/2-1/2

[Event "21st European Teams"]
[Site "Hersonissos GRE"]
[Date "2017.11.04"]
[Round "7.10"]
[Board "2"]
[White "Ebeling, Daniel"]
[Black "Mastrovasilis, Dimitrios"]
[Result "1/2-1/2"]
[WhiteTitle "IM"]
[BlackTitle "GM"]
[WhiteElo "2465"]
[BlackElo "2571"]
[WhiteTeam "Finland"]
[BlackTeam "Greece 1"]
[WhiteFideId "505170"]
[BlackFideId "4202694"]
[EventDate "2017.10.28"]

1. e4 c5 2. Nf3 e6 3. c4 Nc6 4. Nc3 Nf6 5. Be2 d5 6. exd5 exd5 7. d4 cxd4 8.
Nxd4 Bc5 9. Nxc6 bxc6 10. cxd5 Nxd5 11. Nxd5 Qxd5 12. O-O O-O 13. Bf3 Qxd1 14.
Rxd1 Be6 15. Bxc6 Rac8 16. Bb7 Rcd8 17. Bf4 Rxd1+ 18. Rxd1 Bxa2 19. Ra1 Be6 20.
Be3 Rb8 21. Bxc5 Rxb7 22. Rxa7 Rxa7 23. Bxa7 Bb3 24. Kf1 f6 25. Ke2 Kf7 26. Kd3
Ke6 27. Kd4 g5 28. Bb6 h5 29. g3 Kf5 30. Bd8 Ke6 31. Kc3 Bd5 32. Kd4 Bb3 33. Kc3
Bd5 34. b4 h4 35. gxh4 gxh4 36. Kd4 Bg2 37. b5 h3 38. Bc7 f5 39. Kc5 Kd7 40. Bf4
Kc8 41. Kb6 Be4 42. Bg3 Bg2 43. Be5 Be4 44. Bf4 Bg2 45. Bd2 Be4 46. Be3 Bg2 47.
Kc5 Kb7 48. Kd6 Bf1 49. b6 Bd3 50. Ke5 Kc6 51. Bc5 Kb7 52. Kd4 Bf1 53. Ke3 Kc6
54. Kf4 Bd3 55. Bd4 Kb7 56. Kg5 Kc6 57. Kh5 Kb7 58. Bc5 Kc6 59. Kh4 Bf1 60. Kg3
Kb7 61. Bd4 Kc6 62. f3 Kb7 63. Kf2 Bc4 64. Ke3 Bf1 65. Bc5 Bc4 66. Kd4 Be2 67.
Ke3 Bc4 68. Kd4 Be2 69. Ke3 1/2-1/2

[Event "21st European Teams"]
[Site "Hersonissos GRE"]
[Date "2017.11.04"]
[Round "7.10"]
[Board "3"]
[White "Pavlidis, Antonios"]
[Black "Sipila, Vilka"]
[Result "1-0"]
[WhiteTitle "GM"]
[BlackTitle "IM"]
[WhiteElo "2546"]
[BlackElo "2363"]
[WhiteTeam "Greece 1"]
[BlackTeam "Finland"]
[WhiteFideId "4212312"]
[BlackFideId "505455"]
[EventDate "2017.10.28"]

1. e4 e5 2. Nf3 Nc6 3. Bb5 Nf6 4. d3 Bc5 5. Bxc6 dxc6 6. Nbd2 Nd7 7. Qe2 f6 8.
Nc4 Nf8 9. Bd2 Ne6 10. b4 Be7 11. O-O c5 12. b5 a6 13. a4 axb5 14. axb5 Bd7 15.
Rxa8 Qxa8 16. Rb1 O-O 17. Ne3 Nd4 18. Nxd4 cxd4 19. Nc4 Qa4 20. b6 c5 21. Qd1
Ra8 22. Rb3 Qc6 23. Na5 Qc8 24. Qf1 Ra6 25. f4 Qa8 26. Nc4 Be6 27. fxe5 fxe5 28.
Rb1 Bxc4 29. dxc4 Qc8 30. Be1 Qe6 31. Bg3 h5 32. h3 h4 33. Bh2 Ra4 34. Ra1 Rxc4
35. Ra8+ Kh7 36. Qe2 Bg5 37. Qh5+ Bh6 38. Re8 Qf6 39. Bxe5 Qg5 40. Qf7 Rxc2 41.
Qg8+ Kg6 42. Re6+ Kh5 43. Qf7+ g6 44. Qf3+ Qg4 45. Qxg4# 1-0

[Event "21st European Teams"]
[Site "Hersonissos GRE"]
[Date "2017.11.04"]
[Round "7.10"]
[Board "4"]
[White "Niemi, Kalle"]
[Black "Halkias, Stelios"]
[Result "0-1"]
[WhiteTitle "FM"]
[BlackTitle "GM"]
[WhiteElo "2324"]
[BlackElo "2583"]
[WhiteTeam "Finland"]
[BlackTeam "Greece 1"]
[WhiteFideId "504378"]
[BlackFideId "4201809"]
[EventDate "2017.10.28"]

1. e4 e5 2. Nf3 Nc6 3. Bc4 Nf6 4. d3 Be7 5. O-O d6 6. c3 O-O 7. Re1 Na5 8. Bb5
a6 9. Ba4 b5 10. Bc2 c5 11. Nbd2 Nc6 12. Nf1 Re8 13. a4 b4 14. Bg5 Be6 15. Bxf6
Bxf6 16. Ne3 Na5 17. Nd5 Bxd5 18. exd5 Rb8 19. Nd2 g6 20. Rb1 Bg7 21. Nb3 Qc7
22. Nxa5 Qxa5 23. c4 Re7 24. b3 Rbe8 25. Qd2 Qd8 26. Re2 f5 27. Qg5 Rf8 28. Rbe1
Qd7 29. Qg3 Bf6 30. Qh3 Kg7 31. Kh1 a5 32. Re3 Bg5 33. R3e2 Ref7 34. Bd1 Qd8 35.
Ra2 h5 36. Rg1 Re8 37. Re2 Qf6 38. Rge1 Rfe7 39. Qf3 h4 40. Rg1 Rh8 41. g4 hxg3
42. fxg3 Kf8 43. Rgg2 Rh3 44. Kg1 e4 45. Qf1 exd3 46. Rxe7 Qxe7 47. Rd2 Rxg3+
48. hxg3 Bxd2 49. Qf3 Qe1+ 50. Kg2 Be3 51. g4 f4 52. Qf1 Qg3+ 53. Kh1 d2 54. Bf3
Kg7 55. Be2 Kf6 56. Bf3 Kg5 57. Be2 Kh4 58. Qg2 f3 59. Bxf3 Qe1+ 0-1

[Event "21st European Teams"]
[Site "Hersonissos GRE"]
[Date "2017.11.04"]
[Round "7.11"]
[Board "1"]
[White "Ivanisevic, Ivan"]
[Black "Rasmussen, Allan Stig"]
[Result "1-0"]
[WhiteTitle "GM"]
[BlackTitle "GM"]
[WhiteElo "2593"]
[BlackElo "2542"]
[WhiteTeam "Serbia"]
[BlackTeam "Denmark"]
[WhiteFideId "912417"]
[BlackFideId "1406000"]
[EventDate "2017.10.28"]

1. d4 f5 2. Bg5 g6 3. Nc3 Bg7 4. h4 h6 5. Bf4 Nf6 6. Qd3 d6 7. O-O-O Nc6 8. Nh3
O-O 9. e4 Qe8 10. e5 Nh5 11. g3 Kh7 12. Qe3 Qf7 13. Be2 Nb4 14. d5 e6 15. Bxh5
gxh5 16. Rhe1 Re8 17. exd6 e5 18. dxc7 Qxc7 19. a3 Nxc2 20. Kxc2 Bd7 21. d6 Qc6
22. Qd3 Qg2 23. Qd5 Qxd5 24. Nxd5 exf4 25. Nhxf4 Rac8+ 26. Kb1 Bh8 27. Nxh5 Kg6
28. Re7 Kxh5 29. Rxd7 Kg4 30. Rxb7 Rcd8 31. Ne3+ 1-0

[Event "21st European Teams"]
[Site "Hersonissos GRE"]
[Date "2017.11.04"]
[Round "7.11"]
[Board "2"]
[White "Thybo, Jesper Sondergaard"]
[Black "Perunovic, Milos"]
[Result "1-0"]
[WhiteTitle "IM"]
[BlackTitle "GM"]
[WhiteElo "2479"]
[BlackElo "2608"]
[WhiteTeam "Denmark"]
[BlackTeam "Serbia"]
[WhiteFideId "1438832"]
[BlackFideId "921629"]
[EventDate "2017.10.28"]

1. d4 Nf6 2. c4 c5 3. d5 b5 4. cxb5 a6 5. bxa6 g6 6. Nc3 Bg7 7. e4 O-O 8. a7
Rxa7 9. Nf3 e6 10. Be2 exd5 11. exd5 d6 12. O-O Na6 13. Bf4 Nc7 14. Re1 Rb7 15.
Qd2 Nfxd5 16. Nxd5 Rxb2 17. Qd1 Nxd5 18. Qxd5 Rxe2 19. Rxe2 Bxa1 20. Bxd6 Be6
21. Qxc5 Re8 22. a4 Qd7 23. Qa3 Bg7 24. a5 Qb5 25. Re1 Rc8 26. Be5 Bf8 27. Qa1
Ra8 28. Bc3 Bd5 29. Ne5 h5 30. Rb1 Qe8 31. a6 Qc8 32. a7 Qf5 33. Rb8 Qg5 34. g3
Rxa7 35. Qd1 Be6 36. Rxf8+ Kxf8 37. Qd6+ Kg8 38. Qb8+ Kh7 39. Nd3 1-0

[Event "21st European Teams"]
[Site "Hersonissos GRE"]
[Date "2017.11.04"]
[Round "7.11"]
[Board "3"]
[White "Indjic, Aleksandar"]
[Black "Ochsner, Bjorn Moller"]
[Result "1-0"]
[WhiteTitle "GM"]
[BlackTitle "IM"]
[WhiteElo "2591"]
[BlackElo "2458"]
[WhiteTeam "Serbia"]
[BlackTeam "Denmark"]
[WhiteFideId "911925"]
[BlackFideId "1416928"]
[EventDate "2017.10.28"]

1. d4 Nf6 2. c4 g6 3. Nc3 Bg7 4. e4 d6 5. Nf3 O-O 6. Be2 e5 7. O-O Nc6 8. d5 Ne7
9. Nd2 a5 10. a3 Nd7 11. Rb1 f5 12. b4 Kh8 13. Nb3 axb4 14. axb4 fxe4 15. Nxe4
Nf6 16. Nxf6 Bxf6 17. Bb2 Bf5 18. Bd3 Qd7 19. b5 Bg7 20. Bxf5 Qxf5 21. Qe2 g5
22. Nd2 Ng6 23. g3 g4 24. Ne4 b6 25. Ra1 Ne7 26. Ra6 Ng8 27. Rfa1 Rac8 28. Bc1
Bf6 29. c5 bxc5 30. b6 Be7 31. bxc7 Nf6 32. Nxd6 Bxd6 33. Rxd6 Ne4 34. Re6 Nxf2
35. Bh6 Nh3+ 36. Kg2 Rf6 37. Rxf6 Qxf6 38. Qxg4 Rg8 39. Qxg8+ 1-0

[Event "21st European Teams"]
[Site "Hersonissos GRE"]
[Date "2017.11.04"]
[Round "7.11"]
[Board "4"]
[White "Percivaldi, Martin"]
[Black "Sedlak, Nikola"]
[Result "0-1"]
[WhiteTitle "IM"]
[BlackTitle "GM"]
[WhiteElo "2388"]
[BlackElo "2547"]
[WhiteTeam "Denmark"]
[BlackTeam "Serbia"]
[WhiteFideId "1508148"]
[BlackFideId "922900"]
[EventDate "2017.10.28"]

1. d4 e6 2. c4 f5 3. g3 Nf6 4. Bg2 d5 5. Nf3 Bd6 6. O-O O-O 7. Qc2 c6 8. Nc3 Qe7
9. Rb1 Ne4 10. b4 b6 11. c5 Bc7 12. Bf4 Bxf4 13. gxf4 Nd7 14. Rb3 Ba6 15. Ra3
Bc4 16. Ne5 Nxe5 17. Nxe4 dxe4 18. fxe5 Bd5 19. f3 exf3 20. Bxf3 Qg5+ 21. Kh1
Qf4 22. Qd1 Bxf3+ 23. Rfxf3 Qe4 24. Qd3 Qd5 25. cxb6 axb6 26. Qb3 Qd7 27. Rxa8
Rxa8 28. Rxf5 Qd5+ 29. Rf3 Rxa2 30. Qxd5 cxd5 31. Rc3 Rxe2 32. Rc6 Kf7 33. Rxb6
Rd2 34. Rc6 Rxd4 35. b5 Rb4 36. b6 g5 37. Kg2 Rb2+ 38. Kg3 h5 39. h3 Rb3+ 40.
Kg2 h4 41. Rd6 Rg3+ 42. Kh2 Re3 43. Rc6 Re2+ 44. Kg1 Rb2 45. Kf1 Rb3 46. Kg2 d4
47. Rd6 d3 48. Kf3 d2+ 49. Kg4 d1=Q+ 50. Rxd1 Kg6 51. Rg1 Rxb6 52. Rc1 Rb4+ 53.
Kf3 Kf5 54. Rc3 Rb2 55. Rc4 Rh2 56. Rf4+ Kxe5 57. Re4+ Kd5 0-1

[Event "21st European Teams"]
[Site "Hersonissos GRE"]
[Date "2017.11.04"]
[Round "7.12"]
[Board "1"]
[White "Navara, David"]
[Black "Steingrimsson, Hedinn"]
[Result "1/2-1/2"]
[WhiteTitle "GM"]
[BlackTitle "GM"]
[WhiteElo "2726"]
[BlackElo "2576"]
[WhiteTeam "Czech Republic"]
[BlackTeam "Iceland"]
[WhiteFideId "309095"]
[BlackFideId "2300117"]
[EventDate "2017.10.28"]

1. c4 c5 2. Nf3 Nc6 3. Nc3 Nf6 4. d4 cxd4 5. Nxd4 e6 6. Bg5 Qa5 7. Bxf6 gxf6 8.
Nb3 Qe5 9. g3 h5 10. Bg2 h4 11. Qd2 Bb4 12. f4 Bxc3 13. bxc3 Qc7 14. g4 Rb8 15.
Nc5 Ke7 16. Ne4 b6 17. Rd1 Bb7 18. g5 fxg5 19. f5 f6 20. fxe6 dxe6 21. Nxf6 Kxf6
22. O-O+ Kg6 23. Qd3+ Kg7 24. Qd7+ Qxd7 25. Rxd7+ Kh6 26. Rf6+ Kh5 27. Rg7 Ne5
28. Bxb7 Rh6 29. Rf1 g4 30. Be4 Rc8 31. Bd3 Rd8 32. Rb1 Nxd3 33. exd3 Rg6 34.
Rh7+ Rh6 35. Rb5+ Kg6 36. Rxa7 Rxd3 37. Rxb6 Kf5 38. Rf7+ Rf6 39. Rxf6+ Kxf6 40.
Rb1 Rxc3 41. Ra1 Ra3 42. c5 Ke7 43. c6 Kd8 44. Rd1+ Kc7 45. Rd4 g3 46. Rxh4
gxh2+ 47. Rxh2 Kxc6 48. Rd2 1/2-1/2

[Event "21st European Teams"]
[Site "Hersonissos GRE"]
[Date "2017.11.04"]
[Round "7.12"]
[Board "2"]
[White "Gretarsson, Hjorvar Steinn"]
[Black "Laznicka, Viktor"]
[Result "1/2-1/2"]
[WhiteTitle "GM"]
[BlackTitle "GM"]
[WhiteElo "2567"]
[BlackElo "2654"]
[WhiteTeam "Iceland"]
[BlackTeam "Czech Republic"]
[WhiteFideId "2302241"]
[BlackFideId "316385"]
[EventDate "2017.10.28"]

1. d4 d5 2. c4 c6 3. Nf3 Nf6 4. e3 a6 5. Nc3 b5 6. b3 Bg4 7. Bd2 Nbd7 8. h3 Bxf3
9. Qxf3 b4 10. Na4 e5 11. Qd1 Bd6 12. Bd3 O-O 13. O-O a5 14. a3 dxc4 15. bxc4 c5
16. axb4 axb4 17. dxc5 Nxc5 18. Bc2 Nxa4 19. Rxa4 Rxa4 20. Bxa4 Ne4 21. Bc6 Nxd2
22. Qxd2 Qc7 23. Bb5 Bc5 24. Rd1 g6 25. Qd5 Kg7 26. Bc6 Be7 27. Ba4 Rd8 28. Qb5
Rxd1+ 29. Bxd1 Bc5 30. Ba4 h5 31. Kf1 h4 32. Qc6 Qa7 33. Ke2 Qe7 34. Bc2 f5 35.
Ba4 Kh6 36. Qd7 Qf6 37. Qc6 Qf8 38. Qe8 Qxe8 1/2-1/2

[Event "21st European Teams"]
[Site "Hersonissos GRE"]
[Date "2017.11.04"]
[Round "7.12"]
[Board "3"]
[White "Hracek, Zbynek"]
[Black "Stefansson, Hannes"]
[Result "1/2-1/2"]
[WhiteTitle "GM"]
[BlackTitle "GM"]
[WhiteElo "2610"]
[BlackElo "2508"]
[WhiteTeam "Czech Republic"]
[BlackTeam "Iceland"]
[WhiteFideId "300071"]
[BlackFideId "2300087"]
[EventDate "2017.10.28"]

1. e4 e5 2. Nf3 Nc6 3. Bc4 Nf6 4. d3 Be7 5. O-O O-O 6. Re1 d6 7. a4 a5 8. Nbd2
Be6 9. c3 h6 10. Bxe6 fxe6 11. Nf1 b6 12. Ng3 Qe8 13. Qb3 Bd8 14. d4 exd4 15.
cxd4 Qf7 16. Bd2 e5 17. Qxf7+ Rxf7 18. dxe5 Nxe5 19. Nxe5 dxe5 20. Rac1 Rd7 21.
Bc3 Re7 22. Nf5 Re6 23. Rcd1 Be7 24. f3 Bc5+ 25. Kf1 Rf8 26. Ke2 h5 27. h4 Kf7
28. Rd3 Rfe8 29. Red1 g6 30. Ne3 Bxe3 31. Kxe3 Rc6 32. Rd8 Rc5 33. Rxe8 Kxe8 34.
Kd3 Kf7 35. Kc2 Ke7 36. Rd3 Rc6 37. Rd1 Nd7 38. b3 Rd6 39. Rg1 Kf7 40. Rf1 Ke6
41. Rg1 Kf7 42. Rh1 Rc6 43. Rd1 Ke7 44. Rd2 Rd6 45. Re2 1/2-1/2

[Event "21st European Teams"]
[Site "Hersonissos GRE"]
[Date "2017.11.04"]
[Round "7.12"]
[Board "4"]
[White "Kjartansson, Gudmundur"]
[Black "Plat, Vojtech"]
[Result "0-1"]
[WhiteTitle "IM"]
[BlackTitle "GM"]
[WhiteElo "2456"]
[BlackElo "2551"]
[WhiteTeam "Iceland"]
[BlackTeam "Czech Republic"]
[WhiteFideId "2301318"]
[BlackFideId "325740"]
[EventDate "2017.10.28"]

1. e4 c5 2. Nf3 Nc6 3. Bb5 g6 4. Bxc6 dxc6 5. d3 Bg7 6. h3 Nf6 7. Nc3 Nd7 8. Be3
e5 9. Qd2 h6 10. Ne2 Qe7 11. g4 Nf8 12. Qc3 Ne6 13. Qa3 a5 14. c3 b5 15. Qb3 O-O
16. Qc2 Rd8 17. Rd1 Ra7 18. Kf1 Rad7 19. Kg2 Rd6 20. Rd2 Qd7 21. Rhd1 h5 22. Nh2
hxg4 23. hxg4 Bf6 24. f3 Qe7 25. Nf1 Bg5 26. Re1 Bxe3 27. Nxe3 Qg5 28. Nd1 c4
29. d4 exd4 30. cxd4 Nxd4 31. Rxd4 Rxd4 32. Nxd4 Rxd4 33. Nf2 Be6 34. Re2 b4 35.
a3 Qc5 36. axb4 axb4 37. e5 Qd5 38. Kg3 Rd3 39. Re4 Rd2 40. Qc1 c3 41. bxc3 b3
42. Qe1 c5 43. Re2 Rxe2 44. Qxe2 c4 45. Nd1 Qc5 46. Kg2 Qa5 47. Kf2 Qd8 48. Nb2
Qh4+ 49. Ke3 Qh6+ 50. Ke4 Qc1 51. Nd1 Kf8 52. Kd4 Ke7 53. Kc5 Qc2 54. Qe1 b2 55.
Qh4+ Kd7 56. Nxb2 Qxb2 57. Kd4 Qd2+ 0-1

[Event "21st European Teams"]
[Site "Hersonissos GRE"]
[Date "2017.11.04"]
[Round "7.13"]
[Board "1"]
[White "Bologan, Victor"]
[Black "Pelletier, Yannick"]
[Result "1/2-1/2"]
[WhiteTitle "GM"]
[BlackTitle "GM"]
[WhiteElo "2615"]
[BlackElo "2540"]
[WhiteTeam "Moldova"]
[BlackTeam "Switzerland"]
[WhiteFideId "13900048"]
[BlackFideId "1301837"]
[EventDate "2017.10.28"]

1. e4 e6 2. d4 d5 3. Nc3 dxe4 4. Nxe4 Nd7 5. Nf3 Ngf6 6. Nxf6+ Nxf6 7. Bg5 h6 8.
Be3 Bd6 9. Bd3 O-O 10. Qe2 b6 11. O-O-O Bb7 12. Kb1 Nd5 13. Bd2 Nf4 14. Bxf4
Bxf4 15. Be4 Bxe4 16. Qxe4 Qf6 17. h4 Rad8 18. Rd3 Rfe8 19. g4 Bd6 20. g5 Qf5
21. Qe2 h5 22. Nd2 c5 23. Qxh5 Bf4 24. Qe2 Bxd2 25. Qxd2 Rxd4 26. Rxd4 cxd4 27.
Qxd4 Rc8 28. Rc1 e5 29. Qd2 Rc4 30. Qd8+ Kh7 31. Qe7 a5 32. h5 Rg4 33. g6+ fxg6
34. hxg6+ Rxg6 35. b3 Qxf2 36. Qxe5 Rg1 37. Qh5+ 1/2-1/2

[Event "21st European Teams"]
[Site "Hersonissos GRE"]
[Date "2017.11.04"]
[Round "7.13"]
[Board "2"]
[White "Bogner, Sebastian"]
[Black "Svetushkin, Dmitry"]
[Result "1/2-1/2"]
[WhiteTitle "GM"]
[BlackTitle "GM"]
[WhiteElo "2599"]
[BlackElo "2556"]
[WhiteTeam "Switzerland"]
[BlackTeam "Moldova"]
[WhiteFideId "4692055"]
[BlackFideId "13900463"]
[EventDate "2017.10.28"]

1. d4 Nf6 2. c4 e6 3. Nf3 b6 4. a3 Bb7 5. Nc3 Ne4 6. Qc2 Nxc3 7. Qxc3 Be7 8. g3
O-O 9. Bg2 c5 10. O-O Bf6 11. Qc2 Bxf3 12. Bxf3 Nc6 13. Bxc6 dxc6 14. dxc5 bxc5
15. Rb1 Qb6 16. b4 cxb4 17. Rxb4 Qa5 18. Ra4 Qb6 19. Be3 c5 20. Rb1 Qc6 21. Ra5
Bd4 22. Qb3 Rfc8 23. Rb5 h6 24. Rb7 Rd8 25. Re7 Qd6 26. Rb7 Qc6 27. Re7 Qd6 28.
Rb7 1/2-1/2

[Event "21st European Teams"]
[Site "Hersonissos GRE"]
[Date "2017.11.04"]
[Round "7.13"]
[Board "3"]
[White "Hamitevici, Vladimir"]
[Black "Georgiadis, Nico"]
[Result "0-1"]
[WhiteTitle "IM"]
[BlackTitle "GM"]
[WhiteElo "2519"]
[BlackElo "2516"]
[WhiteTeam "Moldova"]
[BlackTeam "Switzerland"]
[WhiteFideId "13902393"]
[BlackFideId "1300113"]
[EventDate "2017.10.28"]

1. d4 d5 2. Nf3 Nf6 3. c4 e6 4. g3 Bb4+ 5. Bd2 Be7 6. Bg2 O-O 7. O-O c6 8. Qc2
Nbd7 9. b3 b6 10. Bf4 Bb7 11. Nc3 c5 12. cxd5 exd5 13. Rfd1 Rc8 14. Nb5 a6 15.
Nd6 Bxd6 16. Bxd6 Re8 17. Qb2 Ne4 18. Bf4 c4 19. Bh3 c3 20. Qc2 f6 21. Ne1 Rc6
22. Rd3 Nf8 23. f3 Ng5 24. Bf1 Nfe6 25. Be3 Qc7 26. Rc1 Rc8 27. Kf2 a5 28. h4
Nf7 29. Bh3 Qe7 30. Rdd1 b5 31. Nd3 Re8 32. b4 axb4 33. Kf1 Bc8 34. Bg2 Rc4 35.
Ne1 Nd6 36. Bf2 Nc7 37. g4 f5 38. Nd3 fxg4 39. Ne5 Bf5 40. e4 gxf3 41. exf5
fxg2+ 42. Kxg2 Qf6 43. Re1 Qxf5 44. Qxf5 Nxf5 45. Nxc4 Rxe1 46. Bxe1 dxc4 47.
Kf3 Kf7 48. Bxc3 bxc3 49. Rxc3 Nd5 50. Rc1 Nxd4+ 51. Ke4 Ne2 52. Rf1+ Ke6 53.
Kf3 Nec3 54. a3 Na4 55. Rb1 c3 56. Ke2 Nb2 57. h5 Nf4+ 58. Ke3 Nfd3 0-1

[Event "21st European Teams"]
[Site "Hersonissos GRE"]
[Date "2017.11.04"]
[Round "7.13"]
[Board "4"]
[White "Kurmann, Oliver"]
[Black "Macovei, Andrei"]
[Result "0-1"]
[WhiteTitle "IM"]
[BlackTitle "FM"]
[WhiteElo "2481"]
[BlackElo "2328"]
[WhiteTeam "Switzerland"]
[BlackTeam "Moldova"]
[WhiteFideId "1308173"]
[BlackFideId "13904680"]
[EventDate "2017.10.28"]

1. e4 c6 2. Nc3 d5 3. Nf3 Bg4 4. h3 Bxf3 5. Qxf3 e6 6. g3 g6 7. d4 Bg7 8. Be3
Nf6 9. Bg2 Nxe4 10. Nxe4 dxe4 11. Qxe4 Nd7 12. O-O Nf6 13. Qd3 Nd5 14. Bd2 O-O
15. Rfe1 Re8 16. c4 Ne7 17. Bc3 Qb6 18. Rad1 Red8 19. Re2 Rd7 20. Red2 Rad8 21.
g4 Bxd4 22. Bxd4 Rxd4 23. Qxd4 Rxd4 24. Rxd4 g5 25. Rd8+ Kg7 26. R1d7 Ng6 27.
Rb8 Qxb2 28. Rbxb7 Qa1+ 29. Bf1 Ne5 30. Re7 a5 31. Rxe6 Nxc4 32. Re2 Qd1 33.
Ree7 Nd2 34. Rxf7+ Kg6 35. Rg7+ Kf6 36. Rbf7+ Ke6 37. Re7+ Kd6 38. Rd7+ Kc5 39.
Rxg5+ Kb6 40. Rxd2 Qxd2 41. Rh5 Qxa2 42. Rxh7 a4 43. Re7 a3 44. Re3 Qb2 45. Bc4
Qc1+ 46. Kg2 Qxc4 47. Rxa3 Qd5+ 48. Kh2 c5 49. Rg3 Qd4 50. g5 Qxf2+ 51. Rg2 Qf4+
52. Rg3 Qd2+ 53. Rg2 Qd6+ 54. Rg3 Qg6 55. h4 c4 56. Kh3 Kc5 57. Kg4 Kd4 58. h5
Qe4+ 59. Kh3 c3 0-1

[Event "21st European Teams"]
[Site "Hersonissos GRE"]
[Date "2017.11.04"]
[Round "7.14"]
[Board "1"]
[White "Vocaturo, Daniele"]
[Black "Tari, Aryan"]
[Result "1/2-1/2"]
[WhiteTitle "GM"]
[BlackTitle "GM"]
[WhiteElo "2607"]
[BlackElo "2578"]
[WhiteTeam "Italy"]
[BlackTeam "Norway"]
[WhiteFideId "813192"]
[BlackFideId "1510045"]
[EventDate "2017.10.28"]

1. c4 c5 2. g3 g6 3. Bg2 Bg7 4. Nc3 Nc6 5. a3 d6 6. Rb1 Bf5 7. d3 Qd7 8. Bd2 h5
9. h3 Nf6 10. b4 O-O 11. e4 Be6 12. Nge2 Ne8 13. Be3 b6 14. Qd2 Nc7 15. Nd5 Nd4
16. Bxd4 cxd4 17. Nxc7 Qxc7 18. O-O Qd7 19. Kh2 b5 20. cxb5 Qxb5 21. e5 dxe5 22.
Bxa8 Rxa8 23. f4 Bf5 24. Rbd1 Bh6 25. Rf2 Rc8 26. Qa2 h4 27. gxh4 Bxd3 28. a4
Qa6 29. fxe5 Bc4 30. Qb2 d3 31. Nf4 Qxa4 32. Rg1 Qd7 33. Rg4 Kh7 34. h5 g5 35.
Ng2 Be6 36. Ne3 Qb5 37. Qd4 Rc7 38. Qe4+ Kh8 39. Nf5 Rc4 40. Qxd3 Qxe5+ 41. Ng3
Rc3 42. Qd8+ Kh7 43. Qxe7 Re3 44. Qc5 Bxg4 45. Qxe5 Rxe5 46. hxg4 Kg8 47. Rf5
Re6 48. Rd5 Rb6 49. Nf5 Bg7 50. Rd8+ Kh7 51. Rd7 Kg8 52. Ne7+ Kh7 53. Nd5 Rb5
54. Kg2 a5 55. bxa5 Rxa5 56. Kf3 Ra1 57. Ne3 Kg8 58. Rd8+ Kh7 59. Rd5 Bh6 60.
Ke4 Ra4+ 61. Rd4 Ra2 62. Rd7 Kg8 63. Nd5 Kg7 64. Ne7 Kf6 65. Nf5 Bf8 66. Rd4 Rf2
67. Kd5 Rxf5+ 68. gxf5 Kxf5 69. Rd1 g4 70. Rf1+ Kg5 71. Rxf7 Bh6 72. Ke4 Kxh5
73. Rf1 Bd2 74. Kf5 Kh4 75. Rh1+ Kg3 76. Rg1+ Kh2 77. Rxg4 Be3 78. Ke4 Bg1 79.
Kf3 Kh1 80. Kg3 Bh2+ 81. Kf3 Bg1 82. Rh4+ Bh2 83. Ke2 Kg2 84. Rg4+ Kh1 85. Kf2
Bc7 86. Rg6 Bb8 87. Rg5 Bc7 88. Rh5+ Bh2 89. Rh3 1/2-1/2